[Event "EGY-ch final"]
[Site "Cairo"]
[Date "2007.12.09"]
[Round "8"]
[White "Elsayed, Moustafa"]
[Black "Salid, Ibrahim"]
[Result "1-0"]
[WhiteElo "2221"]
[BlackElo "2097"]
[PlyCount "87"]
[EventDate "2007.12.01"]
[EventType "swiss"]
[EventRounds "9"]
[EventCountry "EGY"]
[SourceTitle "EXT 2019"]
[Source "ChessBase"]
[SourceDate "2018.10.10"]
[SourceVersion "1"]
[SourceVersionDate "2018.10.10"]
[SourceQuality "1"]

1. d4 g6 2. c4 Bg7 3. Nc3 Nf6 4. e4 d6 5. f4 Bg4 6. Nf3 c6 7. Be2 0-0 8. Be3 Nfd7 9. e5 f6 10. exd6 exd6 11. 0-0 Re8 12. Bf2 f5 13. Re1 Na6 14. Ng5 h6 15. Nf3 Nc7 16. h3 Bxf3 17. Bxf3 Rxe1+ 18. Qxe1 Qf6 19. Qd2 Re8 20. Re1 Rxe1+ 21. Qxe1 Qe6 22. Qf1 g5 23. d5 Qe7 24. dxc6 bxc6 25. Bxc6 Nc5 26. Nd5 Nxd5 27. Bxd5+ Kh8 28. fxg5 Qxg5 29. b4 Ne4 30. Bxa7 Be5 31. Bxe4 fxe4 32. Qf8+ Kh7 33. Qf7+ Kh8 34. Qe8+ Kh7 35. Qd7+ Kh8 36. Qc8+ Kh7 37. Qb7+ Kh8 38. Qxe4 Qc1+ 39. Kf2 Qd2+ 40. Kf3 Qxa2 41. Be3 Qb3 42. b5 Qd1+ 43. Kf2 Bc3 44. Bxh6 1-0